Statistics for Start 11´er fra Danmark - Brasilien 1998

Click here to take the quiz!

General Stats

  • This quiz has been taken 9 times
  • The average score is 4 of 11

Answer Stats

HintAnswer% Correct
midtMichael Laudrup
86%
mmPeter Schmeichel
86%
angBrian Laudrup
71%
midtAllan Nielsen
29%
forJes Høgh
29%
angPeter Møller
29%
forJan Heintze
14%
forMarc Rieper
14%
midtMartin Jørgensen
14%
forThomas Helveg
14%
forSøren Colding
0%

Score Distribution

Percentile by Number Answered

Percent of People with Each Score

Your Score History

You have not taken this quiz